| 000 | 00672nam a2200217 a 4500 | ||
|---|---|---|---|
| 999 |
_c2970 _d2970 |
||
| 001 | 2970 | ||
| 003 | BD-JhCC | ||
| 005 | 20171108194209.0 | ||
| 008 | 171108s1367 bg |||| ||a| 000 0 ben d | ||
| 035 | _a(BD-JhCC) 2970 | ||
| 040 |
_aBD-JhCC _dBD-JhCC |
||
| 041 | _aben | ||
| 082 |
_a891.443 _bCHO 1367 |
||
| 100 | _aচৌধুরী, আবদুল গাফফার | ||
| 245 |
_aসুন্দর হে সুন্দর / _c আবদুল গাফফার চৌধুরী |
||
| 260 |
_aঢাকা : _bআনিস ব্রাদার্স , _c1367 |
||
| 300 |
_a154 p .: _c22 cm . |
||
| 650 | _aBengali Novel | ||
| 942 |
_2ddc _cBK |
||